| 000 | 01035nmc a2200337 a 4500 | ||
|---|---|---|---|
| 003 | AR-BaBNM | ||
| 005 | 20251128205147.0 | ||
| 008 | 011101s1995 ||||||||||||||000 | spa|| | ||
| 020 | _a950-21-1209-1 | ||
| 040 | _cAR-BaBNM | ||
| 100 | 1 |
_aLacau, María Hortensia _d1910-2006 |
|
| 245 | 1 | 0 | _aEl discurso lírico y sus proyecciones |
| 260 |
_aBuenos Aires _bPlus Ultra _c1995 |
||
| 300 | 0 | _a133 p. | |
| 490 | 0 |
_aDidáctica del lenguaje y la comunicación. Discursos _vv. 18 |
|
| 500 | 0 | _aContiene cuestionario de autoevaluación al fianl de cada capítulo | |
| 504 | _aBibliografía en p. 133 | ||
| 650 | 4 | _aANALISIS LITERARIO | |
| 650 | 4 | _aTEORIA LINGUISTICA | |
| 650 | 4 | _aNARRACION | |
| 650 | 4 | _aMODELOS LINGUISTICOS | |
| 653 | 0 | _aENSENANZA DE LA LENGUA | |
| 653 | 0 | _aEDUCACION SECUNDARIA | |
| 653 | 0 | _aGRAMATICA TEXTUAL | |
| 653 | 0 | _aNARRATIVA | |
| 700 | 1 | _aManacorda de Rosetti, Mabel V. | |
| 700 | 1 | _aYahni, Roberto | |
| 800 | 1 |
_aManacorda de Rosetti, Mabel V. _edirector |
|
| 942 | _cBK | ||
| 998 | _claura | ||
| 999 |
_c10243 _d10243 |
||